000 00582nam a2200181Ia 4500
008 100917s9999 xx 000 0 und d
082 _b26096
100 _aलेले के. भा.
245 _aपत्त्यांची जादू भाग 1
260 _bलेले के.
_c1934
300 _a28
365 _b0.6
520 _aबालविभाग
630 _aपत्त्यांची जादू भाग 1
650 _aबालविभाग
730 _aपत्त्यांची जादू भाग 1
942 _cBOOK
999 _c631490
_d631487